000 00546nam a2200181 4500
001 148048
003 ES-MaACL
005 20251114150620.0
007 t|
008 070214s1961 ag r ||||1| spa d
100 1 _aSpring, Howard.
_9107805
245 1 0 _aEn el largo día /
_cHoward Spring ; traducción de Miguel Giménez Sales.
260 _aBuenos Aires :
_bPlaza & Janés,
_c1961.
300 _a634 p. ;
_c24 cm.
700 1 _aGiménez Sales, Miguel,
_d1922-
_957067
852 _aES-MaACL
_jC-21015
_bR.49232
999 _c148048
_d148048